00701nam a2200241 a 4500001001300000003000900013005001700022008004100039020001000080082001500090100002400105245004400129260003800173300000800211500003500219505002000254650001600274700002400290902000800314942000700322952011500329999001500444nice12345678IN_TiNIC20260116011507.0050524s0000 laha grp 000 0 eng  ac10000a229.2bKAM aKamal Uddin, Khwaja aJesus an Ideal of Godhead and Humanity. aLahorebMuslim Book Societyc0000 a42p aincludes index and biblioraphy2 aEpilogue, Notes aChristology1 aKamal Uddin, Khwaja bSRS cBK 001040708StackRoom-aHMIbHMId2007-06-21g100.00l0o229.2 KAMp03209r2007-06-21v100.00w2005-05-24yBK c2025d2025